BIBLIOTECA PODER JUDICIAL
Portal Judicial TDF

Tutela judicial efectiva y acciones afirmativas : (Registro nro. 6205)

000 -LEADER
fixed length control field 01414nabaa22002417a 4500
003 - CONTROL NUMBER IDENTIFIER
control field OSt
005 - DATE AND TIME OF LATEST TRANSACTION
control field 20260125211358.0
008 - FIXED-LENGTH DATA ELEMENTS--GENERAL INFORMATION
fixed length control field 190701b xxu||||| |||| 00| 0 spa d
040 ## - CATALOGING SOURCE
Transcribing agency PJ
100 ## - MAIN ENTRY--PERSONAL NAME
9 (RLIN) 6936
Personal name Ferreri, Federico
245 10 - TITLE STATEMENT
Title Tutela judicial efectiva y acciones afirmativas :
Remainder of title ¿deben los jueces suplir las falencias de la Administración pública cuando se presenten afectaciones palmarias de los derechos elementales de grupos en condiciones de vulnerabilidad?
Statement of responsibility, etc Federico Ferreri.
300 ## - PHYSICAL DESCRIPTION
Extent p. 152-160
500 ## - GENERAL NOTE
General note Cita: TR LALEY AR/DOC/2736/2024
505 ## - FORMATTED CONTENTS NOTE
Formatted contents note Sumario: I. Introducción.— II. Marco teórico. Pensamiento del Dr. Martín D. Farrell en torno a las libertades positivas y negatvas.— III. Tutela judicial efectiva y acciones positivas.— IV. Deber de actuar ante casos de amenazas a los derechos de vulnerables.— V. Activismo judicial. VI. Conclusiones.— VII. Bibliografía.
505 ## - FORMATTED CONTENTS NOTE
Title ¿Te interesa el texto completo? Comunicate al correo: koha@justierradelfuego.gov.ar
650 #0 - SUBJECT ADDED ENTRY--TOPICAL TERM
9 (RLIN) 211
Topical term or geographic name as entry element DERECHO ADMINISTRATIVO
650 #0 - SUBJECT ADDED ENTRY--TOPICAL TERM
9 (RLIN) 178
Topical term or geographic name as entry element DERECHO CONSTITUCIONAL
650 #0 - SUBJECT ADDED ENTRY--TOPICAL TERM
9 (RLIN) 872
Topical term or geographic name as entry element INTERPRETACION CONSTITUCIONAL
650 #0 - SUBJECT ADDED ENTRY--TOPICAL TERM
9 (RLIN) 1171
Topical term or geographic name as entry element ACTO ADMINISTRATIVO
650 #0 - SUBJECT ADDED ENTRY--TOPICAL TERM
9 (RLIN) 802
Topical term or geographic name as entry element DESCENTRALIZACION ADMINISTRATIVA
773 0# - HOST ITEM ENTRY
Host Biblionumber 2842
Host Itemnumber 3251
Place, publisher, and date of publication Buenos Aires : AbeledoPerrot, 2012-
Other item identifier DA121
Title Derecho administrativo. Nº 156 noviembre/diciembre 2024
International Standard Book Number 18510590
942 ## - ADDED ENTRY ELEMENTS (KOHA)
Source of classification or shelving scheme
Koha item type Analítica Artículo de Revista

No hay ítems disponibles.

12 de Octubre 789 Ushuaia - Tel:  54(02901)441571
Horario de Atención: 8.00 a 17.00 hs. 
bibliotecaush@justierradelfuego.gov.ar
koha@justierradelfuego.gov.ar
Seguinos en nuestras redes @bibliojustdf 

Con tecnología Koha